Statystyki dla Składy żużlowej Ekstraligi 2023

Kliknij tutaj aby rozwiązać quiz!

Ogólne statystyki

  • Ten quiz został rozwiązany 718 razy
    (713 od ostatniego zresetowania)
  • Średni wynik to 34 z 53

Statystyki odpowiedzi

KrajZawodnik% Poprawnych
PolskaBartosz Zmarzlik
97%
AustraliaJack Holder
93%
SzwecjaFredrik Lindgren
92%
AustraliaChris Holder
90%
PolskaDominik Kubera
86%
PolskaJarosław Hampel
86%
PolskaMaciej Janowski
86%
SłowacjaMartin Vaculik
85%
Wielka BrytaniaTai Woffinden
84%
DaniaLeon Madsen
82%
PolskaSzymon Woźniak
82%
Polska*Artiom Łaguta
80%
PolskaJanusz Kołodziej
80%
AustraliaJason Doyle
80%
PolskaPatryk Dudek
80%
DaniaNicki Pedersen
78%
Wielka BrytaniaRobert Lambert
78%
DaniaAnders Thomsen
77%
PolskaPiotr Pawlicki
77%
Wielka BrytaniaDaniel Bewley
76%
DaniaMikkel Michelsen
75%
PolskaKacper Woryna
74%
CzechyVaclav Milik
73%
PolskaMaksym Drabik
72%
PolskaKrzysztof Kasprzak
70%
PolskaPaweł Przedpełski
70%
PolskaGrzegorz Zengota
69%
AustraliaMax Fricke
69%
PolskaOskar Fajfer
69%
PolskaBartosz Smektała
68%
PolskaWiktor Lampart
66%
PolskaJakub Miśkowiak
64%
AustraliaJaimon Lidsey
62%
ŁotwaAndrzej Lebiediew
61%
Polska*Gleb Czugunow
59%
PolskaWiktor Jasiński
59%
Polska*Emil Sajfutdinow
58%
UkrainaNazar Parnicki
58%
Polska**Wadim Tarasienko
58%
DaniaFrederik Jakobsen
54%
PolskaMateusz Świdnicki
54%
ŁotwaFrancis Gusts
53%
NorwegiaMathias Pollestad
45%
UkrainaMarko Lewiszyn
41%
AustraliaFraser Bowes
40%
FinlandiaAntti Vuolas
39%
PolskaNorbert Krakowiak
39%
PolskaMateusz Szczepaniak
37%
FinlandiaTimi Salonen
27%
AustraliaMitchell Cluff
13%
SzwecjaPeter Ljung
10%
CzechyMatous Kamenik
8%
UkrainaAndrij Rozaluk
6%

Rozkład punktacji

Percentyl według liczby udzielonych odpowiedzi

Procent ludzi z każdym wynikiem

Twoja historia wyników

Nie rozwiązałeś tego quizu od ostatniego zresetowania